La règle morale dans les obligations civiles (Registro nro. 310002)

Detalles MARC
000 -ENCABEZADO
Número de control [NR] 02070nam a2200277Ia 4500
005 - FECHA Y HORA DE LA ÚLTIMA TRANSACCIÓN
control field 20180607154917.0
008 - DE LONGITUD FIJA DE DATOS DE ELEMENTOS - INFORMACIÓN GENERAL
Elementos de longitud fija [NR] 130821s1935 fr fr 1 fre
040 ## - FUENTE DE CATALOGACION [NR]
Agencia de catalogación original [NR] Co-BoUCM
Idioma de catalogación [NR] spa
Quien Cataloga Sandra Yazo
Quien Clasifica Sandra Yazo
041 0# - CODIGO DE IDIOMA [R]
Código de idioma para texto/pista de sonido o título separado [R] Francés
082 04 - NUMERO DE CLASIFICACION DECIMAL DEWEY [R]
Número de clasificación [R] 346.44
Número de la edición [NR] 1935
092 ## - SIGNATURA TOPOGRAFICA LOCAL
Número de clasificación local E46N071
100 1# - ASIENTO PRINCIPAL--NOMBRE PERSONAL [NR]
Nombre personal [NR] Ripert, Georges
Fechas asociadas con el nombre [NR] 1880-1958
ID Autoridad 92701
242 03 - TRADUCCION DEL TITULO POR LA AGENCIA CATALOGADORA [R]
Título [NR] El pensamiento y lo que está en movimiento. Ensayos y conferencias
Mención de responsabilidad, etc. [NR] por Henri Bergson
Código de idioma del título traducido [NR] spa
245 13 - MENCION DE TITULO [NR]
Título [NR] La règle morale dans les obligations civiles
Mención de responsabilidad, etc. [NR] par Georges Ripert
250 ## - MENCION DE EDICION [NR]
Mención de edición [NR] Troisième édition [Tercera edición]
260 ## - PUBLICACION, DISTRIBUCION, ETC. (PIE DE IMPRENTA) [R]
Lugar de publicación, distribución, etc. [R] París (Francia)
Nombre del editor, distribuidor, etc. [R] Librairie Générale de Droit & de Jurisprudence [Librería General de Derecho y Jurisprudencia]
Fecha de publicación, distribución, etc. [R] 1935
300 ## - DESCRIPCION FISICA [R]
Extensión [R] viii, 447 páginas
Dimensiones [R] 21 x 14 cm.
500 ## - NOTA GENERAL [R]
Nota general [NR] Detalles físicos: Encuadernación rígida (holandesa) en cartón duro forrado en papel jaspeado. Lomo de tela texturizada con adornos en dorado. Guardas. Hoja de cortesía. Anteportada. Portada impresa en una sola tinta. Texto impreso en una sola columna, con diferentes tipos y tamaños de letra. Márgenes amplios. Notas de pie de página. Índice. Tapas con bordes deteriorados<br/>
505 0# - NOTA DE CONTENIDO CON FORMATO PREESTABLECIDO [R]
Nota de contenido con formato preestablecido [NR] Prefacio a la segunda edición ; Introducción ; La moral y el contrato ; Teoría de la autonomía de la voluntad ; La protección de los contratantes ; La lesión ; La justicia en el ejercicio de los derechos ; El ejercicio abusivo de los derechos ; La sanción legal de los deberes morales ; La transformación de los deberes morales en normas jurídicas ; El deber de no perjudicar a otros y la responsabilidad civil ; El deber de no enriquecerse a costa de otros y el enriquecimiento ilícito ; El deber de asistencia ; Represión del fraude y pena civil ; La culpabilidad civil y las penas civiles ; Las obligaciones naturales y el ámbito de la conciencia
506 ## - NOTA DE RESTRICCIONES DE ACCESO [R]
Condiciones de acceso [NR] Consulta en sala
546 ## - NOTA DE IDIOMA [R]
Nota de idioma [NR] Texto en francés
650 #7 - ASIENTO SECUNDARIO DE MATERIA - TERMINO TEMATICO [R]
Término temático o nombre geográfico como elemento de entrada [NR] Teoría del derecho
9 (RLIN) 25308
650 #7 - ASIENTO SECUNDARIO DE MATERIA - TERMINO TEMATICO [R]
Término temático o nombre geográfico como elemento de entrada [NR] Derecho y ética
9 (RLIN) 12843
690 ## - ASUNTO AGREGADO LOCAL DE ENTRADA - TÉRMINO TEMÁTICO (OCLC, RLIN)
Acceso temático local Derecho civil
9 (RLIN) 12711
942 ## - ELEMENTOS DE ENTRADA AGREGADOS (KOHA)
Tipo de ítem principal el descrito en 300a Libro
Edición 5
Sistema de clasificación LOCAL
Clasificación E46N071
Existencias
Suprimido Perdido Sistema de clasificación Dañado No prestable Tipo de ítem específico Ubicación habitual Ubicación actual Localización Fecha de creación Forma de adquisición Costo Total préstamos Signatura topográfica Código de barras Última vez visto Ejemplar Price effective from Tipo de ítem
    LOCAL     Libro archivo Archivo Histórico Archivo Histórico Archivo histórico 07/06/2018 Donación 0.00   E46N071 L006622 07/06/2018 Ej.1 07/06/2018 Libro